Civitas humanas de Wilhelm Ropke

Guardado en:
Detalles Bibliográficos
Autores principales: Huneeus Pérez, Andrés (Autor), Roopke, Wilhelm (Autor)
Formato: Libro
Lenguaje:español
Publicado: Valparaíso Universidad Federico Santa María 1986
Colección:Centro de Investigación y Asesoría de Empresas. Documento Docente, 4
Materias:
Etiquetas: Agregar Etiqueta
Sin Etiquetas, Sea el primero en etiquetar este registro!

MARC

LEADER 00000nam a2200000 a 4500
001 UCX4895
003 CL-VaPUC
008 920811e19860000CL |||||||||||||||||spa|d
082 0 4 |a 330.12  |b HUN  |2 21 
100 |a Huneeus Pérez, Andrés  |e author  |9 622471 
700 0 |a Roopke, Wilhelm  |e author  |9 321184 
245 1 0 |a Civitas humanas de Wilhelm Ropke 
300 |a 19 p 
942 |c BK 
945 |d 19920811 00:00:00 
260 |a Valparaíso  |b Universidad Federico Santa María  |c 1986 
500 |a Las partes del texto reproducidas a espacio seguido y con márgenes más amplios son transcripciones textuales del original de Röpke 
650 7 |a SISTEMAS ECONOMICOS  |2 CL-VaPUC  |9 321185 
583 |a last modification  |c 19920811 00:00:00  |k Rodrigo Vera 
490 0 |a Centro de Investigación y Asesoría de Empresas. Documento Docente, 4 
999 |c 225267  |d 225265 
952 |0 0  |1 0  |4 0  |6 330_120000000000000_HUN_1986  |7 0  |8 A  |9 222651  |a BIBENE  |b BIBENE  |d 2019-11-15  |i 2914476  |o 330.12 HUN 1986  |p 2914476  |r 2025-01-15  |w 2019-11-15  |y BK  |k ICO